International financial markets : (Record no. 14824)
[ view plain ]
| 000 -LEADER | |
|---|---|
| fixed length control field | 00477cam a2200169 a 4500 |
| 020 ## - INTERNATIONAL STANDARD BOOK NUMBER | |
| ISBN | 0256130116 |
| 040 ## - CATALOGING SOURCE | |
| Transcribing agency | DLC |
| 082 00 - DEWEY DECIMAL CLASSIFICATION NUMBER | |
| Classification number | 332 LRW 1998 A070 Or. |
| 100 1# - MAIN ENTRY--AUTHOR NAME | |
| Personal name | Levich, Richard M. |
| 245 10 - TITLE STATEMENT | |
| Title | International financial markets : |
| Remainder of title | prices and policies / |
| 260 ## - PUBLICATION, DISTRIBUTION, ETC. (IMPRINT) | |
| Place of publication | Boston, Mass. : |
| Name of publisher | Irwin/McGraw-Hill, |
| Year of publication | c1998. |
| 300 ## - PHYSICAL DESCRIPTION | |
| Number of Pages | xxv, 663 p. : |
| Other physical details | ill. ; |
| Dimensions | 27 cm. |
| 650 #0 - SUBJECT ADDED ENTRY--TOPICAL TERM | |
| Topical Term | International finance. |
| 650 #0 - SUBJECT ADDED ENTRY--TOPICAL TERM | |
| Topical Term | Investments, Foreign. |
| 650 #0 - SUBJECT ADDED ENTRY--TOPICAL TERM | |
| Topical Term | Securities |
| 942 ## - ADDED ENTRY ELEMENTS (KOHA) | |
| Koha item type | សៀវភៅភាសាអង់គ្លេស |
| 952 ## - LOCATION AND ITEM INFORMATION (KOHA) | |
| Withdrawn status [LOCAL, KOHA] | 0 |
| Permanent Location | Date acquired | Koha item type | Lost status | Shelving location | Barcode | Current Location | Full call number |
|---|---|---|---|---|---|---|---|
| Library Block A | 2017-10-27 | សៀវភៅភាសាអង់គ្លេស | A070 | A06728 | Library Block A | 332 LRW 1998 A070 Or. |